Plant cycle / (Record no. 9721)

MARC details
000 -LEADER
fixed length control field 00941nam a22003017a 4500
001 - CONTROL NUMBER
control field 9721
003 - CONTROL NUMBER IDENTIFIER
control field FISKH
005 - DATE AND TIME OF LATEST TRANSACTION
control field 20260130115054.0
008 - FIXED-LENGTH DATA ELEMENTS--GENERAL INFORMATION
fixed length control field 260130b cb ||||| |||| 00| 0 eng d
020 ## - INTERNATIONAL STANDARD BOOK NUMBER
International Standard Book Number 9781595155375
040 ## - CATALOGING SOURCE
Original cataloging agency FISKH
Language of cataloging eng
Transcribing agency FISKH
Modifying agency FISKH
050 ## - LIBRARY OF CONGRESS CALL NUMBER
Classification number QK49 .J36
082 ## - DEWEY DECIMAL CLASSIFICATION NUMBER
Classification number 580
100 ## - MAIN ENTRY--PERSONAL NAME
Personal name Ray James , Ray
245 ## - TITLE STATEMENT
Title Plant cycle /
Statement of responsibility, etc. by Ray James
260 ## - PUBLICATION, DISTRIBUTION, ETC.
Place of publication, distribution, etc. Vero Beach , Florida :
Name of publisher, distributor, etc. Rourke Publishing LLC ,
Date of publication, distribution, etc. 2007 .
300 ## - PHYSICAL DESCRIPTION
Extent 24 pages :
Other physical details color illustrations ;
Dimensions 20 X 20 cm .
490 ## - SERIES STATEMENT
Series statement Nature’s Cycle
505 ## - FORMATTED CONTENTS NOTE
Formatted contents note J <br/>
520 ## - SUMMARY, ETC.
Summary, etc. Explains The Cycles Of Plant Life Including Reproduction, Seeds, And Plant Growth.<br/>
521 8# - TARGET AUDIENCE NOTE
Target audience note 480 <br/>
Source Lexile <br/>
521 8# - TARGET AUDIENCE NOTE
Target audience note J <br/>
Source Raz-Plus <br/>
650 ## - SUBJECT ADDED ENTRY--TOPICAL TERM
Topical term or geographic name entry element Plant life cycles
Form subdivision Juvenile Literature
700 ## - ADDED ENTRY--PERSONAL NAME
Personal name Stengard-Olliges
Relator term Editor
700 ## - ADDED ENTRY--PERSONAL NAME
Personal name Stratford , Nocola
Relator term Cover and interior designer
942 ## - ADDED ENTRY ELEMENTS (KOHA)
Source of classification or shelving scheme Dewey Decimal Classification
Koha item type Books
Suppress in OPAC No
Holdings
Withdrawn status Lost status Source of classification or shelving scheme Damaged status Not for loan Collection Home library Current library Shelving location Date acquired Total Checkouts Full call number Barcode Date last seen Price effective from Koha item type
    Dewey Decimal Classification     Non-Fiction Footprints International School Library Network Toul Tom Poung Campus Footprints International School Library Network Toul Tom Poung Campus TTP Primary Dark Blue Bookshelves 01/30/2026   JAM 580 QK49 .J36 FIS02936 01/30/2026 01/30/2026 Books